000 00667nam a2200229Ia 4500
005 20231204091345.0
008 131103s9999 xx 000 0 und d
020 _a804710228
040 _aLoreto College
041 _aEnglish
082 _a404
_bFRI
100 _aFriedrich,Paul
245 _aLanguage, Context and the Imagination,
_cEssays by Paul Friedrich
250 _aSelected and intro by Anwar S.Dil
260 _aCalifornia
_bStanford University Press
_c1979
300 _a523 p.
504 _aIncludes bibliography
650 _aLanguage,Context and Imagination
700 _aDil,Anwar S.,selected and intro.
850 _aLCLIB
942 _cBK
999 _c7011
_d57490